Doña María Manuela Pignatelli de Aragon y Gonzaga (Record no. 161092)
[ view plain ]
| 000 -LEADER | |
|---|---|
| campo de control de longitud fija | 00889nam a2200193 i 4500 |
| 001 - NÚMERO DE CONTROL | |
| campo de control | 161092 |
| 003 - IDENTIFICADOR DE NÚMERO DE CONTROL | |
| campo de control | ES-MaACL |
| 005 - FECHA Y HORA DE LA ÚLTIMA TRANSACCIÓN | |
| campo de control | 20251015193552.0 |
| 008 - DATOS DE LONGITUD FIJA--INFORMACIÓN GENERAL | |
| campo de control de longitud fija | 931025s1896 sp c |||| | spa d |
| 100 1# - ENTRADA PRINCIPAL--NOMBRE DE PERSONA | |
| Nombre de persona | Orti y Brull, Vicente, |
| Fechas asociadas al nombre | -1897 |
| 9 (RLIN) | 130712 |
| 245 10 - MENCIÓN DEL TÍTULO | |
| Título | Doña María Manuela Pignatelli de Aragon y Gonzaga |
| Resto del título | : duquesa de Villahermosa / |
| Mención de responsabilidad, etc. | por Vicente Orti y Brull. |
| 260 ## - PUBLICACIÓN, DISTRIBUCIÓN, ETC. | |
| Lugar de publicación, distribución, etc. | Madrid : |
| Nombre del editor, distribuidor, etc. | [s.n.], |
| Fecha de publicación, distribución, etc. | 1896 ( |
| Fabricante | Est. Tip. Viuda e hijos de M. Tello) |
| 300 ## - DESCRIPCIÓN FÍSICA | |
| Extensión | 2 v. : |
| Otras características físicas | lám., facsímiles pleg. ; |
| Dimensiones | 24 cm. |
| 505 8# - NOTA DE CONTENIDO CON FORMATO | |
| Nota de contenido con formato | Contiene T.I : 1. Los Duques de Villahermosa -- T. 2. La Duquesa de Villahermosa |
| 599 #1 - NOTA A LAS ILUSTRACIONES | |
| NOTA A LAS ILUSTRACIONES | Retrato de la Duquesa de Villahermosa. |
| 600 17 - PUNTO DE ACCESO ADICIONAL DE MATERIA--NOMBRE DE PERSONA | |
| Nombre de persona | Villahermosa, María Manuela Pignatelli de Aragón y Gonzaga, |
| Títulos y otros términos asociados al nombre | Duquesa de, |
| Fechas asociadas al nombre | 1753-1816 |
| Fuente del encabezamiento o término | |
| 9 (RLIN) | 151997 |
| 852 ## - LOCALIZACIÓN | |
| Ubicación | ES-MaACL |
| Número de control de estantería | B-4846-47 |
| Nota libre | -- Enc. hol. conservando la cub. original |
| Estatus retirado | Estado de pérdida | Estado de daño | No para préstamo | Colección | Biblioteca de origen | Biblioteca actual | Ubicación en estantería | Fecha de adquisición | Total de préstamos | Signatura topográfica completa | Código de barras | Visto por última vez | Precio de reemplazo | Tipo de ítem Koha |
|---|---|---|---|---|---|---|---|---|---|---|---|---|---|---|
| Libros del s. XIX | Biblioteca del Ateneo de Madrid | Biblioteca del Ateneo de Madrid | Sala Pardo Bazán | 17/01/2008 | B-4846-47 | 1168730 | 23/02/2023 | 23/02/2023 | Libro impreso antiguo |
